| 000 | 00357cam a22001217a 4500 | ||
|---|---|---|---|
| 008 | 180718b1971 xxu||||| |||| 00| 0 eng d | ||
| 082 | _aR11x54 G117 | ||
| 100 | _aGadgil, D.R. | ||
| 245 |
_aTowards social justice: employment in rural areas _cby D.R. Gadgil |
||
| 260 |
_aDelhi _bManager of Publications _c1971 |
||
| 300 | _a24p. | ||
| 650 | _aEmployment - India | ||
| 999 |
_c476681 _d476681 |
||